ÖFB-Cup Winners - Statistics

General Stats
  • This quiz has been taken 18 times
    5 since last reset
  • The average score is 66 of 91
Answer Stats
Jahr Team % Correct
1977 Austria/WAC
100%
1974 Austria/WAC
100%
2009 Austria Wien
100%
2007 Austria Wien
100%
2006 Austria Wien
100%
2005 Austria Wien
100%
2003 Austria Wien
100%
1994 Austria Wien
100%
1992 Austria Wien
100%
1990 Austria Wien
100%
1986 Austria Wien
100%
1982 Austria Wien
100%
1980 Austria Wien
100%
1971 Austria Wien
100%
1967 Austria Wien
100%
1963 Austria Wien
100%
1962 Austria Wien
100%
1960 Austria Wien
100%
1949 Austria Wien
100%
1948 Austria Wien
100%
1936 Austria Wien
100%
1935 Austria Wien
100%
1933 Austria Wien
100%
1965 Linzer ASK
100%
2024 Sturm Graz
100%
2023 Sturm Graz
100%
2018 Sturm Graz
100%
2010 Sturm Graz
100%
1999 Sturm Graz
100%
1997 Sturm Graz
100%
1996 Sturm Graz
100%
1926 Wiener Amateur-Sportverein (Austria Wien)
100%
1925 Wiener Amateur-Sportverein (Austria Wien)
100%
1924 Wiener Amateur-Sportverein (Austria Wien)
100%
1921 Wiener Amateur-Sportverein (Austria Wien)
100%
1966 Admira Wien
75%
1964 Admira Wien
75%
1934 Admira Wien
75%
1932 Admira Wien
75%
1928 Admira Wien
75%
1995 Rapid Wien
75%
1987 Rapid Wien
75%
1985 Rapid Wien
75%
1984 Rapid Wien
75%
1983 Rapid Wien
75%
1976 Rapid Wien
75%
1972 Rapid Wien
75%
1969 Rapid Wien
75%
1968 Rapid Wien
75%
1961 Rapid Wien
75%
1946 Rapid Wien
75%
1927 Rapid Wien
75%
1920 Rapid Wien
75%
1919 Rapid Wien
75%
2022 Red-Bull Salzburg
75%
2021 Red-Bull Salzburg
75%
2020 Red-Bull Salzburg
75%
2019 Red-Bull Salzburg
75%
2017 Red-Bull Salzburg
75%
2016 Red-Bull Salzburg
75%
2015 Red-Bull Salzburg
75%
2014 Red-Bull Salzburg
75%
2012 Red-Bull Salzburg
75%
1947 Wacker Wien
75%
2025 Wolfsberger AC
75%
1989 FC Tirol
50%
1993 FC Wacker Innsbruck
50%
1970 FC Wacker Innsbruck
50%
2004 Grazer AK
50%
2002 Grazer AK
50%
2000 Grazer AK
50%
1981 Grazer AK
50%
1979 SSW Innsbruck
50%
1978 SSW Innsbruck
50%
1975 SSW Innsbruck
50%
1973 SSW Innsbruck
50%
2011 SV Ried
50%
1998 SV Ried
50%
2001 FC Kärnten
25%
2013 Fc Pasching
25%
1937 First Vienna FC
25%
1930 First Vienna FC
25%
1929 First Vienna FC
25%
(2008) SV Horn
25%
1923 Wiener Sport-Club
25%
1988 Kremser SC
0%
1991 SV Stockerau
0%
1959 Wiener AC
0%
1938 Wiener AC
0%
1931 Wiener AC
0%
1922 Wiener AF
0%
No matching quizzes found
Score Distribution
Percent of People with Each Score
Percentile by Number Answered
Your Score History
You have not taken this quiz since the last reset